Inspiring designers / (Record no. 354001)

000 -LEADER
fixed length control field 00942nam a2200253 a 4500
001 - CONTROL NUMBER
control field ASIN1904772005
003 - CONTROL NUMBER IDENTIFIER
control field OSt
005 - DATE AND TIME OF LATEST TRANSACTION
control field 20180116192424.0
008 - FIXED-LENGTH DATA ELEMENTS--GENERAL INFORMATION
fixed length control field 140828s2004 xxu eng d
020 ## - INTERNATIONAL STANDARD BOOK NUMBER
International Standard Book Number 1904772005 (paperback)
Terms of availability $39.95
020 ## - INTERNATIONAL STANDARD BOOK NUMBER
International Standard Book Number 9781904772002 (paperback)
040 ## - CATALOGING SOURCE
Transcribing agency sada
050 04 - LIBRARY OF CONGRESS CALL NUMBER
Classification number NK1390
082 04 - DEWEY DECIMAL CLASSIFICATION NUMBER
Classification number 745.4
100 1# - MAIN ENTRY--PERSONAL NAME
Personal name Rodgers, Paul.
9 (RLIN) 7737
245 10 - TITLE STATEMENT
Title Inspiring designers /
Statement of responsibility, etc. Paul Rodgers.
260 ## - PUBLICATION, DISTRIBUTION, ETC.
Place of publication, distribution, etc. [S.l.] :
Name of publisher, distributor, etc. Black Dog Publishing,
Date of publication, distribution, etc. 2004.
300 ## - PHYSICAL DESCRIPTION
Extent 334 p. ;
Dimensions 25 cm.
520 ## - SUMMARY, ETC.
Summary, etc. Inspiring Designers a sourcebook provides an insight into the minds of 18 of the world's most distinguished designers working today. The book comprehensively explores what makes these designers critically and commercially successful.
650 #0 - SUBJECT ADDED ENTRY--TOPICAL TERM
Topical term or geographic name entry element Design
9 (RLIN) 7738
650 #0 - SUBJECT ADDED ENTRY--TOPICAL TERM
Topical term or geographic name entry element Designers
9 (RLIN) 7739
856 40 - ELECTRONIC LOCATION AND ACCESS
Materials specified Amazon.com
Uniform Resource Identifier <a href="http://www.amazon.com/exec/obidos/ASIN/1904772005/chopaconline-20">http://www.amazon.com/exec/obidos/ASIN/1904772005/chopaconline-20</a>
942 ## - ADDED ENTRY ELEMENTS (KOHA)
Source of classification or shelving scheme
Koha item type Book
Holdings
Withdrawn status Lost status Source of classification or shelving scheme Damaged status Not for loan Permanent Location Current Location Date acquired Total Checkouts Full call number Barcode Date last seen Date last checked out Cost, replacement price Price effective from Koha item type
          School of Art Design and Architecture (SADA) School of Art Design and Architecture (SADA) 08/27/2014 2 745.4 ROG 2004 SADA0002369 05/07/2015 04/07/2015 3837.08 08/28/2014 Book
© 2023 Central Library, National University of Sciences and Technology. All Rights Reserved.